000 00617cam a2200241 i 4500
001 804250
005 20180202042742.0
008 750520r19741933enk b 001 0 eng
010 _a 75313015
015 _aGB74-13738
020 _a0192811576 :
_c£1.50
040 _aDLC
_cDLC
_dDLC
041 _aeng
080 _a821.1 ROB
082 0 0 _a821.1 ROB
100 1 _a21
101 _aGJL
240 1 0 _aWorks.
_f1974
245 0 4 _aThe works of Geoffrey Chaucer /
_cedited by F. N. Robinson.
504 _aBibliography: p. 641-645.
906 _a7
_bcbc
_corignew
_d3
_encip
_f19
_gy-gencatlg
942 _2ddc
_cBK
999 _c41596
_d41596